Politics, planning and homes in a world city / (Record no. 530200)

000 -LEADER
fixed length control field 02003cam a2200421 a 4500
001 - CONTROL NUMBER
control field 15868182
003 - CONTROL NUMBER IDENTIFIER
control field NUST
005 - DATE AND TIME OF LATEST TRANSACTION
control field 20191014113508.0
008 - FIXED-LENGTH DATA ELEMENTS--GENERAL INFORMATION
fixed length control field 090814s2010 enkab b 001 0 eng
010 ## - LIBRARY OF CONGRESS CONTROL NUMBER
LC control number 2009033334
015 ## - NATIONAL BIBLIOGRAPHY NUMBER
National bibliography number GBA9A2970
Source bnb
016 7# - NATIONAL BIBLIOGRAPHIC AGENCY CONTROL NUMBER
Record control number 015398297
Source Uk
020 ## - INTERNATIONAL STANDARD BOOK NUMBER
International Standard Book Number 041548636X (hb)
020 ## - INTERNATIONAL STANDARD BOOK NUMBER
International Standard Book Number 9780415486361 (hb)
020 ## - INTERNATIONAL STANDARD BOOK NUMBER
International Standard Book Number 0415486378 (pb)
020 ## - INTERNATIONAL STANDARD BOOK NUMBER
International Standard Book Number 9780415486378 (pb)
020 ## - INTERNATIONAL STANDARD BOOK NUMBER
International Standard Book Number 0203855574 (eb)
020 ## - INTERNATIONAL STANDARD BOOK NUMBER
International Standard Book Number 9780203855577 (eb)
035 ## - SYSTEM CONTROL NUMBER
System control number (OCoLC)ocn316836109
038 ## - RECORD CONTENT LICENSOR
Staff Name MSOHAIL
040 ## - CATALOGING SOURCE
Original cataloging agency DLC
Transcribing agency DLC
Modifying agency BTCTA
-- BWKUK
-- BWK
-- UKM
-- YDXCP
-- CDX
-- HEBIS
-- DLC
043 ## - GEOGRAPHIC AREA CODE
Geographic area code e-uk---
050 00 - LIBRARY OF CONGRESS CALL NUMBER
Classification number HT169.G7
Item number B692 2010
082 00 - DEWEY DECIMAL CLASSIFICATION NUMBER
Classification number 307.121609421
Edition number 22
100 1# - MAIN ENTRY--PERSONAL NAME
Personal name Bowie, Duncan.
9 (RLIN) 23633
245 10 - TITLE STATEMENT
Title Politics, planning and homes in a world city /
Statement of responsibility, etc. Duncan Bowie.
250 ## - EDITION STATEMENT
Edition statement 1st ed.
260 ## - PUBLICATION, DISTRIBUTION, ETC.
Place of publication, distribution, etc. London ;
-- New York :
Name of publisher, distributor, etc. Routledge,
Date of publication, distribution, etc. 2010.
300 ## - PHYSICAL DESCRIPTION
Extent 284 p. :
Other physical details ill., maps ;
Dimensions 25 cm.
490 0# - SERIES STATEMENT
Series statement Housing, planning and design series
504 ## - BIBLIOGRAPHY, ETC. NOTE
Bibliography, etc. note Includes bibliographical references and index.
505 0# - FORMATTED CONTENTS NOTE
Formatted contents note London and the planning of a world city -- Strategic planning in London before the Mayor -- The new spatial planning framework for London -- The development of the London plan -- From policy to implementation -- The impact of spatial planning on housing outputs -- Revising the spatial plan -- Challenges to the London planning regime -- Planning for growth in a globalised transient world -- Planning and the market -- The management of Land and space -- Planning for diversity : combating social polarisation -- Planning and new approaches to metropolitan governance -- London's experience of spatial planning.
650 #0 - SUBJECT ADDED ENTRY--TOPICAL TERM
Topical term or geographic name entry element City planning
Geographic subdivision Great Britain
-- London
Form subdivision Case studies.
9 (RLIN) 23634
650 #0 - SUBJECT ADDED ENTRY--TOPICAL TERM
Topical term or geographic name entry element Cities and towns
General subdivision Growth
Form subdivision Case studies.
9 (RLIN) 23635
906 ## - LOCAL DATA ELEMENT F, LDF (RLIN)
a 7
b cbc
c orignew
d 1
e ecip
f 20
g y-gencatlg
942 ## - ADDED ENTRY ELEMENTS (KOHA)
Source of classification or shelving scheme
Koha item type Book
Holdings
Withdrawn status Lost status Source of classification or shelving scheme Damaged status Not for loan Permanent Location Current Location Date acquired Total Checkouts Full call number Barcode Date last seen Price effective from Koha item type
          School of Civil and Environmental Engineering (SCEE) School of Civil and Environmental Engineering (SCEE) 10/14/2019   307.121609421 NIT-11375 10/14/2019 10/14/2019 Book
          School of Civil and Environmental Engineering (SCEE) School of Civil and Environmental Engineering (SCEE) 10/14/2019   307.121609421 NIT-11376 10/14/2019 10/14/2019 Book
          School of Civil and Environmental Engineering (SCEE) School of Civil and Environmental Engineering (SCEE) 10/14/2019   307.121609421 NIT-11377 10/14/2019 10/14/2019 Book
© 2023 Central Library, National University of Sciences and Technology. All Rights Reserved.